00518nam a2200157Ia 4500001001000000003000500010008004100015010001100056040000900067100001800076245014100094260004600235300000900281440003800290650003200328Para_4089CHAP220125s1928 xx 000 0 und d a202547 cCHAP aParman, D. C. aExperimental disemination of the tabanid egg parasite Phanurus emersoni Girault and biological notes on the species /c by D. C. Parman aWashington :b Department of Agriculture a7 p. aEUA. Depart. of Agr. Circular; 18 aPhanurus emersoni Tábano